000 00768nam a22002177a 4500
999 _c98365
_d98365
005 20191212124402.0
010 _aENG-114494 B-731138
020 _a9788178442273
_c1495.00
035 _aEN-98026
035 _aB-731138
037 _bDBAD/PUB
082 _a303.954
245 _aSocial movements and state in new global era /
_cedited by Kamlesh Gupta ; foreworded by Krishna Gupta
260 _aNew Delhi
_bK.K. Publication
_c2015
270 _a4806/24, Bharatram Road, Daryaganj,
_bNew Delhi
_e110002
300 _a426p.
_c23cm(Hb)
500 _aIncludes bibliographical references
700 _aGupta, Kamlesh
942 _2ddc
_cEN
_mSOC
_h303.954